The New Bible dictionary / (Record no. 6821)
[ view plain ]
| 000 -LEADER | |
|---|---|
| fixed length control field | 00919cam a2200277Ia 4500 |
| 001 - CONTROL NUMBER | |
| control field | 43525 |
| 003 - CONTROL NUMBER IDENTIFIER | |
| control field | GBCCL |
| 005 - DATE AND TIME OF LATEST TRANSACTION | |
| control field | 20241126110612.0 |
| 008 - FIXED-LENGTH DATA ELEMENTS--GENERAL INFORMATION | |
| fixed length control field | 750925s1962 miua bd 00100 engm |
| 010 ## - | |
| -- | 62006077 |
| 035 ## - SYSTEM CONTROL NUMBER | |
| System control number | OCM01654575 |
| 040 ## - CATALOGING SOURCE | |
| Original cataloging agency | DLC |
| Transcribing agency | NED |
| Modifying agency | m/c |
| -- | OCL |
| -- | LBB |
| 049 ## - | |
| -- | LBBK |
| -- | LBBA |
| 050 ## - | |
| -- | BS440 |
| -- | .D6 |
| 082 0# - DEWEY DECIMAL CLASSIFICATION NUMBER | |
| Classification number | 220.3 |
| Item number | NEW |
| 092 ## - LOCALLY ASSIGNED DEWEY CALL NUMBER (OCLC) | |
| Classification number | 220.3 |
| Item number | N532, 1962 |
| 245 04 - TITLE STATEMENT | |
| Title | The New Bible dictionary / |
| Statement of responsibility, etc. | organizing editor: J. D. Douglas ; consulting editors: F. F. Bruce ... [et al.] |
| 250 ## - EDITION STATEMENT | |
| Edition statement | 1st ed. |
| 260 ## - PUBLICATION, DISTRIBUTION, ETC. | |
| Place of publication, distribution, etc. | Grand Rapids, Mich. : |
| Name of publisher, distributor, etc. | Wm. B. Eerdmans Pub. Co., |
| Date of publication, distribution, etc. | 1962. |
| 300 ## - PHYSICAL DESCRIPTION | |
| Extent | xvi, 1375 p., 16, [16] p. of plates : |
| Other physical details | ill. (some col.) ; |
| Dimensions | 25 cm. |
| 504 ## - BIBLIOGRAPHY, ETC. NOTE | |
| Bibliography, etc. note | Includes bibliographical references. |
| 630 00 - SUBJECT ADDED ENTRY--UNIFORM TITLE | |
| Uniform title | Bible |
| Form subdivision | Dictionaries. |
| 9 (RLIN) | 1814 |
| 700 1# - ADDED ENTRY--PERSONAL NAME | |
| Personal name | Douglas, J. D. |
| Fuller form of name | (James Dixon) |
| 9 (RLIN) | 1352 |
| 700 1# - ADDED ENTRY--PERSONAL NAME | |
| Personal name | Bruce, F. F. |
| Fuller form of name | (Frederick Fyvie), |
| Dates associated with a name | 1910- |
| 9 (RLIN) | 1999 |
| 942 ## - ADDED ENTRY ELEMENTS (KOHA) | |
| Source of classification or shelving scheme | Dewey Decimal Classification |
| Koha item type | Reference Books |
| Withdrawn status | Lost status | Source of classification or shelving scheme | Damaged status | Not for loan | Home library | Current Library | Shelving location | Date acquired | Total checkouts | Full call number | Barcode | Date last seen | Copy number | Price effective from | Koha item type |
|---|---|---|---|---|---|---|---|---|---|---|---|---|---|---|---|
| Dewey Decimal Classification | GRACE BIBLE COLLEGE | GRACE BIBLE COLLEGE | Dictionary | 2018-06-29 | 220.3 NEW | 000107 | 2025-05-28 | c.2 | 2018-06-29 | Reference Books | |||||
| Dewey Decimal Classification | GRACE BIBLE COLLEGE | GRACE BIBLE COLLEGE | Dictionary | 2018-06-29 | 220.3 NEW | 000109 | 2025-05-01 | c.3 | 2018-06-29 | Reference Books | |||||
| Dewey Decimal Classification | GRACE BIBLE COLLEGE | GRACE BIBLE COLLEGE | Dictionary | 2018-06-29 | 220.3 NEW | 000106 | 2025-05-01 | c.1 | 2018-06-29 | Reference Books |